000 nam a22 7a 4500
999 _c50124
_d50124
003 OSt
005 20200619101434.0
008 200619b xxu||||| |||| 00| 0 eng d
040 _cIIMT UNIVERSITY
100 _aTANEJA PANKAJ
245 _aKAYA CHIKITSA VOL-IV
942 _2ddc
_c01